000 00748nam a22002057a 4500
003 DO-SdBJH
005 20230531184644.0
008 230531b |||||||| |||| 00| 0 spa d
020 _a84-8310-036-3
040 _aDO-SdBJH
_bspa
_cDO-SdBJH
082 _a863
_bE79t 1997
100 1 _aEstévez, Abilio
245 _aTuyo es el reino :
_c Abilio Estévez
260 _aBarcelona, España
_bTusquets Editores
_c1997
300 _a346 páginas
_c23cm
490 _aColección Andanzas
_v317
505 _aUna noche en la historia del mundo……..15 Mi nombre es Scheherazada…..85 Los fieles difuntos……..165 Finis gloride mundi……241
650 7 _2Sears
_aNovela española
942 _2ddc
_cBK
999 _c7469
_d7469